Statistics for 10 Countries Based on Remaining Categories #1

Click here to take the quiz!

General Stats

  • This quiz has been taken 3,017 times
  • The average score is 5 of 10

Answers on the Map

Answers color-coded by a green-red scale on the quiz's map according to % correct below.
Loading ...
Has fourteen land bordersHas land in AsiaHas an urban agglomeration over 15 millionHas less than two official languagesHas more than 120 million peopleIs not completely located within EuropeHas the color red in its flagRecognized as a country by the U.N.Has five or more letters in its nameIs a single-party Communist nation
 

Answer Stats

Answer% Correct
China
88%
Russia
87%
Philippines
45%
Japan
44%
United States
42%
South Korea
38%
Tunisia
36%
Netherlands
35%
Vatican City
35%
Estonia
34%

Score Distribution

Percentile by Number Answered

Percent of People with Each Score

Your Score History

You have not taken this quiz